Statistics for Finish the Food! - Click Quiz

Click here to take the quiz!

General Stats

  • This quiz has been taken 269 times
  • The average score is 14 of 15

Answer Stats

HintAnswer% Correct
Cup...Cake
97%
Spaghetti andMeatballs
97%
PeanutButter
96%
Mac andCheese
96%
IceCream
96%
Grape...Fruit
96%
Water...Melon
96%
Bubble...Gum
95%
Milk...Shake
94%
Honey...Dew
92%
FrenchFries
91%
Jelly...Bean
90%
HotDog
89%
Black...Berry
86%
Corn...Bread
85%

Score Distribution

Percentile by Number Answered

Percent of People with Each Score

Your Score History

You have not taken this quiz